[Event "Titled Tue 10th Jun Early"]
[Site "chess.com INT"]
[Date "2025.06.10"]
[Round "11"]
[White "Vakhlamov, Igor L."]
[Black "Galchenko, Matvey"]
[Result "0-1"]
[WhiteTitle "FM"]
[BlackTitle "IM"]
[WhiteElo "2413"]
[BlackElo "2435"]
[WhiteFideId "24126748"]
[BlackFideId "24175480"]
[EventDate "2025.06.10"]

1. e4 c5 2. Nf3 g6 3. Nc3 Bg7 4. d4 cxd4 5. Nxd4 Nc6 6. Nxc6 bxc6 7. Bc4 Qc7 8.
O-O Nf6 9. Re1 d6 10. Bf4 Nd7 11. Qd2 h6 12. Rad1 Ne5 13. Bb3 a5 14. Bg3 Ba6 15.
f4 Nc4 16. Bxc4 Bxc4 17. b3 Ba6 18. e5 d5 19. f5 gxf5 20. e6 Qb6+ 21. Bf2 Qb4
22. exf7+ Kxf7 23. Qe3 e5 24. Qh3 Qg4 25. Qxg4 fxg4 26. Na4 Rhe8 27. Nc5 Bc8 28.
c4 d4 29. Bg3 Bf5 30. Ne4 Rad8 31. Bh4 Rd7 32. Nc5 Ra7 33. Ne4 Bxe4 34. Rxe4 h5
35. Kf1 a4 36. b4 a3 37. Ke2 Ra4 38. Be1 c5 39. Rb1 Rb8 40. Bd2 cxb4 41. Rb3 Ke6
42. Kd3 Bf8 43. h3 Kf5 44. Rb1 b3 45. axb3 a2 46. Rf1+ Ke6 47. bxa4 Rb1 48. Ree1
a1=Q 49. Rxb1 Qa3+ 50. Ke2 Bc5 51. hxg4 hxg4 52. Rfd1 Qxa4 53. Rdc1 Qc6 54. Rb5
Qxg2+ 55. Kd3 Qf3+ 56. Kc2 Qa3 57. Rcb1 d3+ 58. Kd1 Qa4+ 59. R1b3 Qxc4 0-1

[Event "Titled Tue 10th Jun Early"]
[Site "chess.com INT"]
[Date "2025.06.10"]
[Round "11"]
[White "Urazayev, Arystanbek"]
[Black "Tristan, Leonardo"]
[Result "1-0"]
[WhiteTitle "IM"]
[BlackTitle "GM"]
[WhiteElo "2490"]
[BlackElo "2536"]
[WhiteFideId "13709810"]
[BlackFideId "113816"]
[EventDate "2025.06.10"]

1. e4 d5 2. exd5 Qxd5 3. Nc3 Qa5 4. d4 Nf6 5. Nf3 Bf5 6. Ne5 c6 7. Nc4 Qd8 8.
Bf4 Nbd7 9. Ne3 Be6 10. Bd3 Nb6 11. Be5 Nbd7 12. O-O Nxe5 13. dxe5 Nd5 14. Nexd5
Bxd5 15. Re1 e6 16. Qg4 h5 17. Qg3 h4 18. Qg4 h3 19. g3 Bg2 20. Be4 Bxe4 21.
Nxe4 Qb6 22. Rad1 Qxb2 23. Qg5 Qa3 24. Rd3 Qa4 25. Red1 Be7 26. Qxg7 Qxe4 27.
Qxh8+ Bf8 28. Qxh3 Qxe5 29. Qh4 Be7 30. Qd4 Qxd4 31. Rxd4 a5 32. Rd7 Rb8 33. h4
c5 34. c4 Bf6 35. a4 Bd4 36. Rd6 Ke7 37. Rb6 Kd7 38. Kg2 Kc7 39. Rb3 f5 40. f3
Rg8 41. Kh3 b6 42. g4 Kd6 43. g5 Ke5 44. Re1+ Kf4 45. Rxe6 Rd8 46. Rd3 b5 47.
axb5 a4 48. b6 Rd7 49. g6 Rb7 50. Ra3 Rd7 51. Rxa4 Bf2 52. Ra2 Kxf3 53. Rf6 f4
54. Rxf2+ Kxf2 55. Rxf4+ Ke3 56. Rf7 Rd1 57. g7 Rf1 58. Rxf1 1-0

[Event "Titled Tue 10th Jun Early"]
[Site "chess.com INT"]
[Date "2025.06.10"]
[Round "11"]
[White "Jasinski, Alexander"]
[Black "Arabidze, Meri"]
[Result "0-1"]
[BlackTitle "IM"]
[WhiteElo "1989"]
[BlackElo "2440"]
[WhiteFideId "55627994"]
[BlackFideId "13604040"]
[EventDate "2025.06.10"]

1. e4 c5 2. Nf3 e6 3. g3 d5 4. exd5 exd5 5. d4 cxd4 6. Nxd4 Nc6 7. Be3 Nf6 8.
Bg2 Ne5 9. O-O Be7 10. Nc3 O-O 11. Bg5 Nc4 12. b3 Nb6 13. a4 a5 14. Qd3 h6 15.
Be3 Nbd7 16. Nxd5 Nxd5 17. Bxd5 Nc5 18. Qc4 Bh3 19. Bg2 Bxg2 20. Kxg2 Rc8 21.
Qe2 Bf6 22. Rad1 Qc7 23. Nb5 Qe7 24. Qf3 Ne4 25. c4 Bg5 26. Rfe1 f5 27. Bxg5
Qxg5 28. Nd6 Nxd6 29. Rxd6 Rf7 30. Qd5 Rf8 31. Rd7 Qh5 32. Rxf7 Rxf7 33. Qf3 Qg6
34. Re8+ Kh7 35. Re5 f4 36. Qe4 f3+ 37. Kh3 Qxe4 38. Rxe4 Rd7 39. Re3 Rf7 40.
Kg4 Kg6 41. h4 h5+ 42. Kh3 Rf6 43. g4 b6 44. g5 Rf4 45. Kg3 Rg4+ 46. Kxf3 Rxh4
47. Re6+ Kxg5 48. Rxb6 Rh3+ 49. Kg2 Rc3 50. Rb5+ Kg4 51. f3+ Rxf3 52. Rg5+ Kxg5
53. Kxf3 Kf5 54. b4 axb4 55. a5 b3 56. a6 b2 57. a7 b1=Q 58. a8=Q Qd3+ 59. Kg2
Qe4+ 60. Qxe4+ Kxe4 61. Kg3 g5 62. c5 Kd5 0-1

[Event "Titled Tue 10th Jun Early"]
[Site "chess.com INT"]
[Date "2025.06.10"]
[Round "11"]
[White "Shubenkova, Veronika"]
[Black "Mikhalsky, Vladimir"]
[Result "1-0"]
[WhiteTitle "WFM"]
[WhiteElo "2031"]
[BlackElo "2219"]
[WhiteFideId "44124040"]
[BlackFideId "14144352"]
[EventDate "2025.06.10"]

1. e4 g6 2. d4 Bg7 3. c4 d6 4. Nc3 Nf6 5. f3 O-O 6. Be3 Nc6 7. Bd3 e5 8. d5 Nd4
9. Nge2 Nh5 10. Qd2 c5 11. O-O-O a6 12. Rdf1 b5 13. g4 Nf4 14. Nxf4 exf4 15.
Bxf4 Rb8 16. h4 Qb6 17. Qh2 Rd8 18. h5 bxc4 19. Bxc4 Qb4 20. Bd3 c4 21. Bb1 Nb5
22. Nxb5 Rxb5 23. Rf2 c3 24. b3 Qa3+ 25. Kd1 Qc5 26. hxg6 hxg6 27. Bc2 Qd4+ 28.
Kc1 a5 29. Re2 a4 30. Bxd6 Rxd6 31. Qxd6 axb3 32. Qd8+ Bf8 33. axb3 Qc5 34. Kd1
Ra5 35. Bb1 c2+ 36. Rxc2 Qd4+ 37. Rd2 Qc5 38. b4 Qxb4 39. Qh4 Qxb1+ 40. Ke2 Ba6+
41. Kf2 Qb6+ 42. Kg2 Bg7 43. Qh7+ Kf8 44. d6 Qb4 45. Rc2 Bc4 46. Qh4 Ra8 47.
Qe7+ Kg8 48. Qc7 Be6 49. d7 Bf6 50. Qc8+ Rxc8 51. dxc8=Q+ Bxc8 52. Rxc8+ 1-0

[Event "Titled Tue 10th Jun Early"]
[Site "chess.com INT"]
[Date "2025.06.10"]
[Round "11"]
[White "Mendes Aaron Reeve"]
[Black "Deac, Bogdan-Daniel"]
[Result "1-0"]
[WhiteTitle "IM"]
[BlackTitle "GM"]
[WhiteElo "2335"]
[BlackElo "2674"]
[WhiteFideId "25954938"]
[BlackFideId "1226380"]
[EventDate "2025.06.10"]

1. e4 e6 2. Nf3 d5 3. Nc3 Bb4 4. exd5 exd5 5. a3 Ba5 6. b4 Bb6 7. Bb2 Ne7 8. Na4
O-O 9. Nxb6 axb6 10. Be2 c5 11. O-O Nbc6 12. b5 Nb8 13. d3 d4 14. c3 dxc3 15.
Bxc3 Be6 16. d4 Nd5 17. Bb2 Nf4 18. dxc5 Qxd1 19. Bxd1 bxc5 20. Ne5 f6 21. Nf3
Bc4 22. a4 Bxf1 23. Kxf1 Nd7 24. Bb3+ Kh8 25. Rd1 Rfd8 26. g3 Ng6 27. Rd6 c4 28.
Bxc4 Rxa4 29. Be6 Ngf8 30. Bd5 Rb4 31. Ba3 Rxb5 32. Nd4 Ra5 33. Bb4 Ra4 34. Bc3
Raa8 35. Nb5 Nc5 36. Bd4 Na6 37. Bxb7 Rxd6 38. Nxd6 Rb8 39. Bxa6 Ne6 40. Be3 h6
41. Bc4 Ng5 42. h4 Nf3 43. Nf7+ Kh7 44. Ke2 Ng1+ 45. Kf1 Nf3 46. Bd5 Rb1+ 47.
Ke2 Ng1+ 48. Kd2 Rb5 49. Be4+ Kg8 50. Nd6 Rb2+ 51. Kc3 Rb8 52. f4 Rd8 53. Nf5
Ne2+ 54. Kc2 g6 55. Ne7+ Kf7 56. Nc6 Rc8 57. Bd5+ Kg7 58. g4 Ng3 59. Kd3 Re8 60.
Bf2 Nf1 61. Nd4 Nh2 62. Ne6+ Kh7 63. g5 fxg5 64. hxg5 Ng4 65. Bd4 hxg5 66. fxg5
Ra8 67. Ke4 Ra4 68. Nf8# 1-0

[Event "Titled Tue 10th Jun Early"]
[Site "chess.com INT"]
[Date "2025.06.10"]
[Round "11"]
[White "Molina, Roberto Junio Brito"]
[Black "Asish Panda"]
[Result "1-0"]
[WhiteTitle "IM"]
[WhiteElo "2381"]
[BlackElo "1911"]
[WhiteFideId "2109450"]
[BlackFideId "45012458"]
[EventDate "2025.06.10"]

1. d4 d5 2. e3 Nf6 3. Nf3 e6 4. Bd3 Be7 5. Nbd2 O-O 6. e4 dxe4 7. Nxe4 Nbd7 8.
c3 b6 9. Qe2 Bb7 10. O-O c5 11. Rd1 cxd4 12. Nxd4 Nxe4 13. Bxe4 Bxe4 14. Qxe4
Nf6 15. Qe2 Qc7 16. Bg5 h6 17. Bh4 Nd5 18. Bg3 Qc8 19. c4 Nf6 20. Nb5 Qc6 21.
Nd4 Qb7 22. Qf3 Qxf3 23. gxf3 Rac8 24. Rac1 a6 25. Kf1 Rfd8 26. Ke2 Nd7 27. Nb3
Bf6 28. Rc2 Nc5 29. Rxd8+ Bxd8 30. Be5 Bf6 31. Bf4 Na4 32. Bc1 Be7 33. Be3 Bf6
34. Bc1 Be7 35. Nd2 b5 36. b3 Nb6 37. Bb2 bxc4 38. Nxc4 Nd5 39. Bd4 Nf4+ 40. Ke1
Rd8 41. Bc3 Bc5 42. Ne3 Be7 43. Ba5 Rd7 44. Bd2 Bh4 45. Nd1 Rd5 46. Bxf4 Bf6 47.
Be3 Rh5 48. Bf4 g5 49. Bg3 Bg7 50. f4 f5 51. Rc8+ Kf7 52. Rc7+ Kg6 53. Rc6 Kf7
54. fxg5 hxg5 55. Rxa6 f4 56. Ke2 e5 57. Nc3 fxg3 58. hxg3 Rh1 59. Ne4 1-0

[Event "Titled Tue 10th Jun Early"]
[Site "chess.com INT"]
[Date "2025.06.10"]
[Round "11"]
[White "Gavarrete, Nahun"]
[Black "Swara Lakshmi S Nair"]
[Result "1-0"]
[WhiteTitle "FM"]
[BlackTitle "WCM"]
[WhiteElo "2281"]
[BlackElo "2187"]
[WhiteFideId "8400709"]
[BlackFideId "25629239"]
[EventDate "2025.06.10"]

1. e4 c5 2. Nc3 Nc6 3. g3 g6 4. Bg2 Bg7 5. Nge2 e6 6. d3 Nge7 7. O-O O-O 8. Be3
Nd4 9. Qd2 Rb8 10. Rad1 b5 11. Nb1 b4 12. c3 Nxe2+ 13. Qxe2 bxc3 14. bxc3 d6 15.
d4 cxd4 16. cxd4 d5 17. exd5 Nxd5 18. Qd2 Ba6 19. Rfe1 Nxe3 20. fxe3 Bc4 21. a3
Qb6 22. Nc3 Rfd8 23. Ne4 e5 24. Qc3 Bd5 25. dxe5 Bxe4 26. Bxe4 Qe6 27. Rxd8+
Rxd8 28. Rb1 Bxe5 29. Qc6 Qxc6 30. Bxc6 Rd3 31. a4 Rxe3 32. Rb7 Rd3 33. Kg2 a5
34. Ra7 Bc3 35. Bb5 Rd2+ 36. Kh3 Bb4 37. Bc4 Rf2 38. Kg4 Kg7 39. h4 h5+ 40. Kh3
Be1 41. Bd5 Rf6 42. Rb7 Bb4 43. Ra7 Kf8 44. Bc4 Rf5 45. Bb3 Be7 46. Kg2 Rc5 47.
Bd1 Rc1 48. Bf3 Rc2+ 49. Kf1 Bc5 50. Ra8+ Ke7 51. Bd5 Kd6 52. Bb3 Rf2+ 53. Ke1
Rf3 54. Bc4 Re3+ 55. Kd1 Re7 56. Rxa5 Bf2 57. Ra6+ Kc5 58. Bb5 Bxg3 59. Rc6+ Kb4
60. Rc4+ Ka5 61. Rc6 Bxh4 62. Kd2 Bg5+ 63. Kd3 Bc1 64. Kc4 Re4+ 65. Kc3 Ba3 66.
Ra6# 1-0

[Event "Titled Tue 10th Jun Early"]
[Site "chess.com INT"]
[Date "2025.06.10"]
[Round "11"]
[White "Borgaonkar, Akshay"]
[Black "Moosavifar, Seyed Abolfazl"]
[Result "1-0"]
[WhiteTitle "FM"]
[BlackTitle "FM"]
[WhiteElo "2453"]
[BlackElo "2303"]
[WhiteFideId "25639110"]
[BlackFideId "42548195"]
[EventDate "2025.06.10"]

1. e4 e5 2. Nf3 Nc6 3. Nc3 Nf6 4. d4 exd4 5. Nxd4 Bb4 6. Nxc6 bxc6 7. Bd3 d5 8.
exd5 cxd5 9. O-O O-O 10. h3 h6 11. Bf4 Be6 12. Qf3 c6 13. Rad1 Bd6 14. Ne2 Rb8
15. b3 c5 16. Bxd6 Qxd6 17. Nf4 a5 18. Rfe1 Bd7 19. Nxd5 Nxd5 20. Be4 Be6 21.
Bxd5 Bxd5 22. Qxd5 Qb6 23. Qd6 Qb4 24. Re5 Rbc8 25. Qd2 Qa3 26. Qc3 a4 27. Re3
axb3 28. axb3 Qa6 29. Re5 c4 30. b4 Rfd8 31. Red5 Re8 32. b5 Qb6 33. Qd4 Qb7 34.
Rd7 Qxb5 35. Qf4 Qh5 36. R1d5 Qg6 37. R5d6 Re6 38. Rd8+ Rxd8 39. Rxd8+ Kh7 40.
Qxc4 Rc6 41. Qb3 Rxc2 42. Qb8 Rc1+ 43. Kh2 Qg5 44. Rh8+ Kg6 45. Rf8 Qf5 46. Qb6+
Kh7 47. Qe3 Rc2 48. Kg1 Ra2 49. Rd8 Ra1+ 50. Kh2 Rb1 51. Rd4 Rb2 52. Rf4 Qg6 53.
Rg4 Qf5 54. Qg3 g6 55. Rf4 Qe6 56. Qf3 Kg7 57. Qc3+ Kh7 58. Qxb2 1-0

[Event "Titled Tue 10th Jun Early"]
[Site "chess.com INT"]
[Date "2025.06.10"]
[Round "11"]
[White "Shevchenko, Yaroslav"]
[Black "Wagh, Suyog"]
[Result "0-1"]
[BlackTitle "FM"]
[WhiteElo "2179"]
[BlackElo "2319"]
[WhiteFideId "34144684"]
[BlackFideId "25071688"]
[EventDate "2025.06.10"]

1. e4 c6 2. d4 d5 3. Nc3 dxe4 4. Nxe4 Nd7 5. Nf3 Ngf6 6. Qd3 Nxe4 7. Qxe4 Nf6 8.
Qf4 g6 9. Bc4 Bg7 10. O-O O-O 11. Re1 Bf5 12. c3 Nd5 13. Qg3 b5 14. Bb3 Qd6 15.
Qh4 Rfe8 16. Bh6 Rad8 17. Bxg7 Kxg7 18. Re5 Qf6 19. Qg3 Be6 20. Rae1 Nf4 21.
R1e4 Nd5 22. Rh4 h6 23. Rhe4 a6 24. Nh4 Kh7 25. Bc2 Rg8 26. Re1 Nf4 27. Nf3 Kh8
28. h4 Nh5 29. Qh2 Bd5 30. R1e3 e6 31. Ng5 hxg5 32. hxg5 Qf4 33. g3 Qg4 34. Re1
Kg7 35. Bd1 Bf3 36. Bxf3 Qxf3 37. R5e3 Qf5 38. Re5 Qf3 39. R5e3 Qd5 40. Re5 Qxa2
41. g4 Rh8 42. gxh5 Rxh5 43. Qf4 Rdh8 44. Rxe6 Rh1+ 45. Kg2 R1h2+ 46. Kg1 Rh1+
47. Kg2 Qd5+ 48. R1e4 R1h2+ 49. Kg1 Rh1+ 50. Kg2 R8h2+ 51. Kg3 Rh3+ 52. Kg2
R1h2+ 53. Kg1 Rh1+ 54. Kg2 Qf5 55. Qe5+ Kh7 56. Re8 Qf3# 0-1

[Event "Titled Tue 10th Jun Early"]
[Site "chess.com INT"]
[Date "2025.06.10"]
[Round "11"]
[White "Sieciechowicz, Marcin"]
[Black "Rustamov, Rustam"]
[Result "1-0"]
[WhiteTitle "IM"]
[BlackTitle "FM"]
[WhiteElo "2413"]
[BlackElo "2334"]
[WhiteFideId "1130170"]
[BlackFideId "13440110"]
[EventDate "2025.06.10"]

1. d4 Nf6 2. c4 e6 3. Nc3 d5 4. cxd5 exd5 5. Bg5 Bb4 6. Qc2 h6 7. Bh4 g5 8. Bg3
Ne4 9. e3 h5 10. f3 Nxg3 11. hxg3 Qe7 12. Kf2 Be6 13. a3 Bd6 14. Nb5 c6 15.
Nxd6+ Qxd6 16. Bd3 Nd7 17. f4 Nf6 18. Nf3 Ng4+ 19. Ke2 gxf4 20. gxf4 O-O-O 21.
Rae1 Rde8 22. Kd1 Bd7 23. Qd2 Kb8 24. Kc1 c5 25. Ne5 cxd4 26. exd4 f6 27. Ng6
Rxe1+ 28. Rxe1 Rc8+ 29. Kb1 a6 30. f5 Re8 31. Rxe8+ Bxe8 32. Qf4 Kc7 33. Be2
Qxf4 34. Nxf4 Kd6 35. Bf3 Bf7 36. Bxg4 hxg4 37. Kc2 Be8 38. Ne2 Bd7 39. Ng3 Kc6
40. b4 Kd6 41. Kd2 Kc6 42. Kc3 b6 43. Kc2 Kb5 44. Kb3 Kc6 45. Kc2 Kd6 46. Kd3
Ba4 47. Ke3 Bd1 48. Kf4 Ke7 49. Nf1 Kd6 50. Ne3 Be2 51. Nxg4 Ke7 52. Ne3 Kd6 53.
g4 Bd3 54. g5 fxg5+ 55. Kxg5 Bb5 56. Kf6 Be8 57. Kg7 Bh5 58. f6 Ke6 59. a4 Be8
60. a5 bxa5 61. bxa5 Bh5 62. Nc2 Kd6 63. Nb4 Ke6 64. Nxa6 1-0

[Event "Titled Tue 10th Jun Early"]
[Site "chess.com INT"]
[Date "2025.06.10"]
[Round "11"]
[White "Xue, Haowen"]
[Black "Alonso Rosell, Alvar"]
[Result "1-0"]
[WhiteTitle "GM"]
[BlackTitle "GM"]
[WhiteElo "2518"]
[BlackElo "2536"]
[WhiteFideId "8625492"]
[BlackFideId "2270544"]
[EventDate "2025.06.10"]

1. e4 c6 2. Nf3 d5 3. d3 e6 4. Nbd2 c5 5. g3 Nc6 6. Bg2 Nf6 7. O-O Be7 8. e5 Nd7
9. Re1 Qc7 10. Qe2 O-O 11. h4 b5 12. Nf1 Bb7 13. Bf4 Rfc8 14. Rac1 Qd8 15. Ne3
a5 16. h5 h6 17. Ng4 Kh8 18. c3 Qg8 19. d4 b4 20. Qe3 Ba6 21. Red1 Qh7 22. Ngh2
Rc7 23. Bf1 Bxf1 24. Nxf1 Rac8 25. Qe2 Nb6 26. cxb4 c4 27. bxa5 Nxa5 28. Bd2 Nc6
29. Ne3 Qe4 30. Bc3 Ra8 31. b3 Nb4 32. Bxb4 Bxb4 33. Rc2 Rac8 34. bxc4 dxc4 35.
Rb1 Ba5 36. Rb5 Ra7 37. Rc5 c3 38. Rxc8+ Nxc8 39. Nc4 Qxe2 40. Rxe2 Bb4 41. Rc2
Ne7 42. a3 Bxa3 43. Rxc3 Bb4 44. Rb3 Nd5 45. Ne3 Nxe3 46. fxe3 Ra1+ 47. Kg2 Ra2+
48. Kh3 Ba3 49. Rb8+ Kh7 50. Ra8 Ra1 51. Kg4 Bb2 52. Rxa1 Bxa1 53. Nd2 f5+ 54.
Kf3 g6 55. g4 fxg4+ 56. Kxg4 Bb2 57. Nc4 Bc1 58. e4 Kg7 59. d5 Bg5 60. d6 Bd8
61. d7 1-0

[Event "Titled Tue 10th Jun Early"]
[Site "chess.com INT"]
[Date "2025.06.10"]
[Round "11"]
[White "Begunov, Konstantin"]
[Black "Mikhailova, Irina"]
[Result "0-1"]
[WhiteTitle "FM"]
[BlackTitle "WGM"]
[WhiteElo "2325"]
[BlackElo "2143"]
[WhiteFideId "4118510"]
[BlackFideId "4109040"]
[EventDate "2025.06.10"]

1. d4 Nf6 2. c4 g6 3. f3 Bg7 4. e4 d6 5. Be3 O-O 6. Nc3 c5 7. dxc5 dxc5 8. Qxd8
Rxd8 9. Bxc5 Nc6 10. Nd5 a5 11. O-O-O Be6 12. Nxe7+ Nxe7 13. Rxd8+ Rxd8 14. Bxe7
Rc8 15. Kb1 Bxc4 16. Bxc4 Rxc4 17. Ne2 Rc7 18. Bd8 Rd7 19. Bxa5 Nh5 20. Rc1 f5
21. exf5 Re7 22. Rc8+ Kf7 23. fxg6+ hxg6 24. Rc2 Rd7 25. Rd2 Re7 26. Bb4 Rc7 27.
a3 Bh6 28. Rc2 Rd7 29. g3 Rd1+ 30. Ka2 Ke6 31. Nc3 Rh1 32. Ne4 Ng7 33. a4 Nf5
34. Nc5+ Kd5 35. Nxb7 Nd4 36. Rd2 Kc4 37. Bc3 Nxf3 38. Nd6+ Kc5 39. Ne4+ Kc6 40.
Rd6+ Kc7 41. Rxg6 Bc1 42. h4 Ng1 43. a5 Ne2 44. Rg7+ Kc6 45. a6 Rh2 46. a7 Nxc3+
47. Nxc3 Rxb2+ 48. Ka3 Rb8+ 49. Ka4 Ra8 50. Nb5 Be3 51. Rf7 Bc5 52. g4 Rh8 53.
h5 Rg8 54. h6 Rxg4+ 0-1

[Event "Titled Tue 10th Jun Early"]
[Site "chess.com INT"]
[Date "2025.06.10"]
[Round "11"]
[White "Iljin, Timofey"]
[Black "Dziththauly Ramadhan"]
[Result "1-0"]
[WhiteTitle "IM"]
[BlackTitle "CM"]
[WhiteElo "2242"]
[BlackElo "2171"]
[WhiteFideId "14110180"]
[BlackFideId "7105525"]
[EventDate "2025.06.10"]

1. e4 c5 2. Nc3 d6 3. g3 g6 4. Bg2 Bg7 5. d3 Nc6 6. Nge2 e6 7. O-O Nge7 8. f4
O-O 9. g4 Nd4 10. Ng3 Rb8 11. a4 f5 12. gxf5 exf5 13. Nd5 Nxd5 14. exd5 Qb6 15.
Kh1 Bd7 16. Ra3 h5 17. c3 h4 18. Nh5 gxh5 19. cxd4 cxd4 20. Qxh5 Rbc8 21. Ra1
Qd8 22. Rg1 Be8 23. Qe2 Bf7 24. Bf3 Qf6 25. Rg5 Rfe8 26. Qf2 Kf8 27. b3 Rc3 28.
Bb2 Rxd3 29. Rag1 Bh6 30. Qxh4 Rxf3 31. Rg8+ Ke7 32. Re1+ Kd7 33. Qxf6 Bxd5 34.
Rg7+ Kc6 35. Rc1+ Rc3+ 36. Kg1 Rxc1+ 37. Bxc1 Bxg7 38. Qxf5 Re1+ 39. Kf2 Rxc1
40. Qc8+ Kb6 41. Qxc1 Be4 42. Qd2 d5 43. Qb4+ Kc6 44. Qb5+ Kc7 45. Qc5+ Kd7 46.
Qxa7 Bf6 47. Qxb7+ Ke6 48. Qc6+ Kf5 49. Kg3 d3 50. h4 d2 51. h5 Bh4+ 52. Kxh4
d1=Q 53. Qg6+ Kxf4 54. Qg5+ Kf3 55. Qg4+ Ke3 56. Qxd1 d4 57. Qe1+ Kd3 58. h6 Bf5
59. Qf1+ Ke4 60. Qxf5+ Kxf5 61. h7 d3 62. h8=Q d2 63. Qd8 Ke4 64. Qxd2 Kf3 65.
Qd4 1-0

[Event "Titled Tue 10th Jun Early"]
[Site "chess.com INT"]
[Date "2025.06.10"]
[Round "11"]
[White "Troltenier, Dirk"]
[Black "Marchesich, Giovanni"]
[Result "0-1"]
[WhiteTitle "FM"]
[BlackTitle "CM"]
[WhiteElo "2174"]
[BlackElo "2189"]
[WhiteFideId "4606400"]
[BlackFideId "2824790"]
[EventDate "2025.06.10"]

1. e4 d5 2. exd5 Qxd5 3. Nc3 Qe5+ 4. Nge2 Qa5 5. d4 c6 6. Ng3 Nf6 7. Be2 g6 8.
O-O Bg7 9. Re1 O-O 10. Bf3 e6 11. Bf4 Nbd7 12. Qd2 Qb6 13. b3 Nd5 14. Nxd5 cxd5
15. Rad1 Nf6 16. c4 Bd7 17. c5 Qc6 18. Be2 a5 19. Be5 Rfc8 20. Rc1 Ne8 21. Bxg7
Nxg7 22. h4 h5 23. Bd3 b6 24. Rc3 bxc5 25. Rxc5 Qd6 26. Rec1 Rxc5 27. Rxc5 a4
28. b4 a3 29. Qc3 Qf4 30. Rc7 Be8 31. b5 Rb8 32. Qc5 Qd2 33. Bf1 Qxa2 34. b6 Qb3
35. Ra7 Qxb6 36. Qxa3 Qxd4 37. Qe7 Qb4 38. Qc7 Qb6 39. Qe7 Qd8 40. Qa3 Qxh4 41.
Be2 Qd8 42. Qe3 h4 43. Nf1 Nf5 44. Qf4 Qd6 45. Qg4 d4 46. Bd3 Qc5 47. Ra1 Rd8
48. Qg5 Qe7 49. Qf4 Bc6 50. Rc1 Bb7 51. Rc7 Qb4 52. Bxf5 exf5 53. Qe5 Ba6 54.
Qf6 Qf8 55. Qxh4 Bxf1 56. Kxf1 d3 57. Rc1 d2 58. Rd1 Qd6 59. Qg5 Qd3+ 60. Kg1
Rd7 61. Kh2 Qe2 62. Qf4 Qh5+ 63. Kg3 Qxd1 64. Qb8+ Kh7 65. Qb2 Qg4+ 0-1

[Event "Titled Tue 10th Jun Early"]
[Site "chess.com INT"]
[Date "2025.06.10"]
[Round "11"]
[White "Golubovskis, Maksims"]
[Black "Tiitta, Sauli"]
[Result "1/2-1/2"]
[WhiteTitle "FM"]
[WhiteElo "2228"]
[BlackElo "2157"]
[WhiteFideId "11608528"]
[BlackFideId "502251"]
[EventDate "2025.06.10"]

1. d4 c5 2. e3 Nf6 3. Nf3 d5 4. c4 cxd4 5. exd4 Nc6 6. h3 g6 7. Nc3 Bg7 8. Bd3
dxc4 9. Bxc4 O-O 10. O-O Bf5 11. a3 Rc8 12. Ba2 Na5 13. Bf4 Nc4 14. Qe2 Nd5 15.
Nxd5 Qxd5 16. Qxe7 Rfe8 17. Qb4 Qa5 18. Bxc4 Qxb4 19. axb4 Rxc4 20. Rxa7 Rxb4
21. Be5 Rxb2 22. Rc1 Be4 23. Ng5 Bxe5 24. dxe5 Bc6 25. Nxf7 Kxf7 26. Rxc6 Rxe5
27. Rc7+ Kf6 28. Raxb7 Re1+ 29. Kh2 Rxb7 30. Rxb7 h5 31. Kg3 Ra1 32. Rb3 Kg5 33.
Kf3 Kf5 34. g3 Ra2 35. g4+ hxg4+ 36. hxg4+ Kg5 37. Kg3 Ra4 38. Rb5+ Kf6 39. g5+
Kf7 40. f3 Rc4 41. f4 Rc1 42. Rb4 Rg1+ 43. Kf3 Rf1+ 44. Ke4 Re1+ 45. Kd5 Re2 46.
Rb7+ Kf8 47. Rb6 Kg7 48. Rf6 Re1 49. Re6 Rd1+ 50. Kc6 Rf1 51. Rf6 Rd1 52. Kc5
Rd2 53. Rd6 Rf2 54. Rd7+ Kg8 55. Rd4 Kf7 56. Kd5 Re2 57. Kd6 Re3 58. Kd5 Re1 59.
Re4 Rd1+ 60. Ke5 Rd2 61. f5 gxf5 62. Kxf5 Rf2+ 63. Ke5 Kg6 64. Rg4 Rf1 65. Ke4
Rf2 66. Rg3 Rf1 67. Rg2 Rf8 68. Ke5 Rf1 69. Ke6 Rf3 70. Ke5 Rf1 71. Rc2 Rf5+ 72.
Ke4 Rxg5 73. Rf2 Rg4+ 74. Rf4 Rg1 75. Kf3 Rf1+ 76. Ke4 Rxf4+ 77. Kxf4 1/2-1/2

[Event "Titled Tue 10th Jun Early"]
[Site "chess.com INT"]
[Date "2025.06.10"]
[Round "11"]
[White "Chan, Mark"]
[Black "Jimenez Fernandez, Rebeca"]
[Result "1-0"]
[WhiteTitle "FM"]
[BlackTitle "WFM"]
[WhiteElo "2179"]
[BlackElo "2154"]
[WhiteFideId "5800560"]
[BlackFideId "32070934"]
[EventDate "2025.06.10"]

1. e4 e5 2. Nf3 Nc6 3. Bc4 Bc5 4. b4 Bxb4 5. c3 Ba5 6. d4 d6 7. O-O Nf6 8. Qb3
O-O 9. Ng5 Qe7 10. d5 Nd8 11. Nd2 h6 12. Ngf3 c6 13. dxc6 bxc6 14. a4 Be6 15.
Ba3 Bxc4 16. Nxc4 Bc7 17. Rfe1 Qe6 18. Qa2 Nb7 19. Rab1 Na5 20. Nfd2 Nxc4 21.
Qxc4 Qxc4 22. Nxc4 Rfd8 23. Rb7 Ne8 24. Rd1 d5 25. exd5 cxd5 26. Ne3 d4 27. cxd4
exd4 28. Nf5 Bb6 29. Ne7+ Kh7 30. Nc6 Rdc8 31. Ne5 f6 32. Nd3 Rc3 33. Bb4 Rb3
34. Rd7 Rc8 35. a5 Rxd3 36. Rb1 Bc5 37. Bxc5 Rxc5 38. a6 Rdc3 39. g4 Rc1+ 40.
Rxc1 Rxc1+ 41. Kg2 Ra1 42. Rxa7 Nd6 43. Ra8 Nb5 44. Rb8 Nc3 45. Rd8 Rxa6 46.
Rxd4 Rc6 47. h4 Rc7 48. h5 Kg8 49. Kf3 Kf7 50. Rb4 Nd5 51. Rb8 Ne7 52. Ra8 Nc6
53. Ra4 Ne5+ 54. Kg3 Rc4 55. Ra7+ Kf8 56. Ra8+ Ke7 57. Ra7+ Nd7 58. f3 Rd4 59.
Rb7 Rd6 60. Ra7 Ke6 61. Kf4 Rd4+ 62. Ke3 Rb4 63. Ra6+ Rb6 64. Ra7 Rb3+ 65. Kf4
Rb4+ 66. Ke3 Ke7 67. Rc7 Rb6 68. Ra7 Rb5 69. Kf4 Rb4+ 70. Ke3 f5 71. gxf5 Rh4
72. f4 Rxh5 73. Ke4 Rh1 74. Rb7 Re1+ 75. Kd5 Rd1+ 76. Kc6 h5 77. Ra7 h4 78. Ra8
h3 79. Rh8 Rh1 80. Rh7 h2 81. Rxg7+ Kf6 82. Rh7 Nf8 83. Rh5 Nd7 84. Kxd7 Rd1+
85. Ke8 h1=Q 86. Rh6+ Kxf5 87. Rxh1 Kxf4 88. Rxd1 1-0

[Event "Titled Tue 10th Jun Early"]
[Site "chess.com INT"]
[Date "2025.06.10"]
[Round "11"]
[White "Ivashentseva, Dominika"]
[Black "Ejsymont, Blanka"]
[Result "1-0"]
[WhiteTitle "WCM"]
[BlackTitle "WCM"]
[WhiteElo "1969"]
[BlackElo "1984"]
[WhiteFideId "34331050"]
[BlackFideId "21088268"]
[EventDate "2025.06.10"]

1. d4 d5 2. c4 e6 3. Nf3 dxc4 4. a4 c5 5. e3 Nc6 6. Bxc4 cxd4 7. Nxd4 Nxd4 8.
exd4 Nf6 9. O-O Be7 10. Nc3 O-O 11. Bg5 b6 12. Bxf6 Bxf6 13. d5 exd5 14. Bxd5
Rb8 15. Qb3 Bb7 16. Rad1 Bxc3 17. Bxf7+ Rxf7 18. Rxd8+ Rxd8 19. Qxc3 Rc8 20. Qd4
Rcf8 21. f3 Rf4 22. Qd7 R4f7 23. Qb5 Rf5 24. Qb3+ Bd5 25. Qc3 Rf4 26. Rd1 Bf7
27. b3 a5 28. Qc7 Rb4 29. Rd8 g6 30. Rd6 b5 31. Qxa5 Rxb3 32. axb5 Kg7 33. b6
Rb1+ 34. Kf2 Rb2+ 35. Kg3 Rb3 36. Qe5+ Kg8 37. Qe7 Re8 38. Qa7 Re5 39. Rd2 Reb5
40. Qb8+ Kg7 41. Rd6 Rg5+ 42. Kf2 Rb2+ 43. Ke3 Rgxg2 44. Rd3 Rge2+ 45. Kf4 Re6
46. b7 Reb6 47. Qe5+ Kh6 48. Qg5+ Kg7 49. Qe5+ Kh6 50. Rd8 R6b4+ 51. Kg3 Rb5 52.
Qf4+ Kg7 53. Qd4+ Kh6 54. Qe3+ Kg7 55. Qe7 Kh6 56. Qf8+ Kg5 57. b8=Q Kh5 58.
Qxb5+ Rxb5 59. Qxf7 Rg5+ 60. Kf2 Rf5 61. Qxh7+ Kg5 62. h4+ Kf4 63. Rd4+ Ke5 64.
Re4+ Kd5 65. Qd7+ Kc5 66. Qxf5+ gxf5 67. Re5+ Kd6 68. Rxf5 Ke6 69. Rg5 Kf6 70.
Rg4 Kf5 71. h5 Kf6 72. h6 Kf7 73. h7 Kf6 74. h8=Q+ Kf5 75. Qh5+ Kf6 76. Rg6+ Kf7
77. Qh7+ Kf8 78. Rg8# 1-0